000
00273nam a22001217a 4500
003
SGT
082
_a
618.1
_b
D15S
100
_a
SCHAFER, CHRISTOF
245
_a
DRUGS DURING PREGNANCY AND LACTATION
260
_a
LONDON
_b
ELSEVIER
_c
2015
300
_a
892
942
_2
ddc
_c
BK
999
_c
14958
_d
14958